Foundations of Computing: From Hardware Essentials to Web Design (Record no. 38173)

MARC details
000 -LEADER
fixed length control field 01553nam a22001937a 4500
082 ## - DEWEY DECIMAL CLASSIFICATION NUMBER
Classification number 004 ROS
100 ## - MAIN ENTRY--AUTHOR NAME
Personal name Rosna P Haroon
100 ## - MAIN ENTRY--AUTHOR NAME
Personal name Nurjahan V A
100 ## - MAIN ENTRY--AUTHOR NAME
Personal name Theresa Jose
245 ## - TITLE STATEMENT
Title Foundations of Computing: From Hardware Essentials to Web Design
250 ## - EDITION STATEMENT
Edition statement 1
260 ## - PUBLICATION, DISTRIBUTION, ETC. (IMPRINT)
Name of publisher Ilahia Publishers
Place of publication Muvattupuzha
Year of publication 2024
300 ## - PHYSICAL DESCRIPTION
Number of Pages Print length ‏ : ‎ 209 pages
520 ## - SUMMARY, ETC.
Summary, etc Dive into the comprehensive world of computing with this essential textbook designed specifically for the KTU 2024 scheme. This authoritative guide takes you on a journey from the fundamental hardware components to the intricacies of modern web design. The book presents complex technical concepts in an accessible format, making it an invaluable resource for students and enthusiasts alike. Each chapter systematically builds your understanding of computing foundations, ensuring a solid grasp of both theoretical principles and practical applications. Whether you're exploring computer architecture, understanding operating systems, or learning web design principles, this textbook serves as your complete companion. The content is thoughtfully structured to align with current academic requirements, featuring clear explanations, relevant examples, and practical exercises to reinforce learning. Perfect for both classroom use and self-study, this book equips readers with the knowledge needed to excel in today's digital landscape.
546 ## - LANGUAGE NOTE
Language note Language ‏ : ‎ English
650 ## - SUBJECT ADDED ENTRY--TOPICAL TERM
Topical Term CSE
942 ## - ADDED ENTRY ELEMENTS (KOHA)
Koha item type Text Book
952 ## - LOCATION AND ITEM INFORMATION (KOHA)
Damaged status
Not for loan
952 ## - LOCATION AND ITEM INFORMATION (KOHA)
Damaged status
Not for loan
952 ## - LOCATION AND ITEM INFORMATION (KOHA)
Damaged status
Not for loan
Holdings
Withdrawn status Collection code Permanent Location Current Location Shelving location Date acquired Source of acquisition Cost, normal purchase price Inventory number Full call number Accession Number Price effective from Koha item type
  Computer Science and Engineering VAST Central Library VAST Central Library S-1/CS 10/01/2026 Cosmo Books 220.00 K797 004 ROS 38348 03/02/2026 Text Book
  Computer Science and Engineering VAST Central Library VAST Central Library S-1/CS 10/01/2026 Cosmo Books 220.00 K797 004 ROS 38349 03/02/2026 Text Book
  Computer Science and Engineering VAST Central Library VAST Central Library S-1/CS 10/01/2026 Cosmo Books 220.00 K797 004 ROS 38350 03/02/2026 Text Book